000
00284nam a2200121Ia 4500
008
220204s9999 xx 000 0 und d
082
_a
635.82
_b
TRI
245
0
_a
Mushrooms in the world.
260
_a
London
_b
Orbis
_c
1977
650
_a
Mushrooms
700
_a
TRIBE, Ian
942
_c
BK
999
_c
27103
_d
27103